000 00442nam a22001697a 4500
003 OSt
005 20140310182345.0
008 130927t xxu||||| |||| 00| 0 eng d
020 _a033500711008
050 _aPZ 8
_b.D612 1986
082 _aPZ 8
_b.D612 1986
245 _aSleeping Beauty /
_cWalt Disney
260 _aNew York :
_bWestern Pub. Co,
_cc1986.
300 _a23 p. :
_bill.,
_c21 cm.
942 _2lcc
_cBK-GS
999 _c12210
_d12210